| 000 | 01394nam0a22002771 4500 | ||
|---|---|---|---|
| 001 | rc\3314156 | ||
| 005 | 20250609175322.0 | ||
| 035 | _a(NLR Aleph) 007416193 | ||
| 090 |
_a6867535 _c6867535 |
||
| 100 | _a20130115d1970 |||y0rusy50 ca | ||
| 101 | 0 | _arus | |
| 102 | _aRU | ||
| 105 | _aa z ||||| | ||
| 200 | 1 |
_aПодготовка материалов для производства дорожно-транспортной экспертизы _e(Пособие для практ. работников) _fМ-во высш. и сред. спец. образования РСФСР. Сарат. юрид. ин-т им. Д.И. Курского. Сарат. науч.-исслед. криминалист. лаборатория Юрид. комис. при Совете Министров РСФСР |
|
| 210 |
_aСаратов _cИзд-во Сарат. ун-та _d1970 |
||
| 215 |
_a41 с. _cчерт. _d20 |
||
| 300 | _aПеред загл. авт.: Г.Е. Иванов, Л.А. Иванов, Ю.В. Николаевский | ||
| 700 | 1 |
_7ca _8rus _aИванов _bГ. Е. _cкриминалист _gГеннадий Евгеньевич _9224434 _3RU\NLR\AUTH\770224490 |
|
| 701 | 1 |
_aИванов _bЛ. А. |
|
| 701 | 1 |
_aНиколаевский _bЮ. В. |
|
| 801 | 0 |
_aRU _bNLR _gpsbo |
|
| 801 | 1 |
_aRU _bELAR _2rusmarc |
|
| 852 |
_aNLR _j70-4/17100 |
||
| 942 | _cBOOK | ||
| 980 | _aNB | ||